| 000 | 00618 a2200169 4500 | ||
|---|---|---|---|
| 003 | Nust | ||
| 005 | 20221221113134.0 | ||
| 020 | _a0-7007-1064-7 | ||
| 040 | _cNust | ||
| 082 | _a181.07, NET | ||
| 100 |
_aLan Richard Netton _9105498 |
||
| 245 |
_aAl-Farabi and His School _cLan Richard Netton |
||
| 260 |
_aNew yourk _bRichard netton _c1992 |
||
| 300 | _a128p; | ||
| 505 | _aThe Age of Farabism (Page-1), The Epistemological Substrate of Farabism The Paradigm of the Second Master (Page-31), The Epistemological Substrate of Farabism In the Steps of Their Master (Page-55), Conclusion (Page-84). | ||
| 942 |
_2ddc _cBK |
||
| 999 |
_c193869 _d193869 |
||